Westernmost Capitals by Word Length - Statistics

General Stats
  • This quiz has been taken 27 times
  • The average score is 7 of 10
Answer Stats
Letters Capital % Correct
10 Mexico City
88%
5 Alofi
83%
13+ Guatemala City
83%
7 Managua
75%
4 Apia
71%
6 Avarua
71%
8 Belmopan
67%
11 San Salvador
63%
9 Nuku'alofa
46%
12 Port-au-Prince
33%
No matching quizzes found
Score Distribution
Percent of People with Each Score
Percentile by Number Answered
Your Score History
You have not taken this quiz